000 00662cam a2200229 a 4500
001 000009092
005 20200929161502.0
008 990503s1999 mx 000 f spa d
020 _a9681905628
035 _a(DLC) 99201917
040 _aDO-SdBNP
_beng
_cDLC
_dDLC
_dBNPHU
082 _aPe863.44
_bB916a
100 1 _aBryce Echenique, Alfredo,
_d1939-
_915067
245 1 3 _aLa Amigdalitis de Tarzán /
_cAlfredo Bryce Echenique.
260 _aMéxico :
_bAlfaguara,
_c1999.
300 _a319 p. ;
_c22 cm.
650 4 _aNovela peruana
_912569
650 4 _aLiteratura peruana
_93140
910 _aCatalogación por copia / LC
910 _aWM
049 _aBNGR
999 _c8856
_d8856